[Event "Lloyds Bank Masters 13th"]
[Site "London"]
[Date "1989.08.21"]
[Round "3"]
[White "Holland, Christopher"]
[Black "Chernin, Alexander"]
[Result "0-1"]
[WhiteElo "2265"]
[BlackElo "2580"]
[PlyCount "36"]
[EventDate "1989.08.19"]
[EventType "swiss"]
[EventRounds "10"]
[EventCountry "ENG"]
[SourceTitle "BritBase"]
[Source "John Saunders"]
[SourceDate "2020.09.07"]
[SourceVersion "1"]
[SourceVersionDate "2020.09.07"]
[SourceQuality "2"]

1. c4 Nf6 2. Nc3 e6 3. d4 Bb4 4. e3 O-O 5. a3 Bxc3+ 6. bxc3 c5 7. Bd3 Nc6 8.
Ne2 b6 9. e4 Ne8 10. e5 Ba6 11. h4 d6 12. Bg5 Qc7 13. f4 Na5 14. Ng3 Bxc4 15.
Be4 d5 16. Bxh7+ Kxh7 17. Qh5+ Kg8 18. Bf6 Nxf6 0-1

[Event "Lloyds Bank Masters 13th"]
[Site "London"]
[Date "1989.08.21"]
[Round "3"]
[White "Merriman, John"]
[Black "Crawley, Gavin"]
[Result "1-0"]
[WhiteElo "2320"]
[BlackElo "2380"]
[PlyCount "87"]
[EventDate "1989.08.19"]
[EventType "swiss"]
[EventRounds "10"]
[EventCountry "ENG"]
[SourceTitle "BritBase"]
[Source "John Saunders"]
[SourceDate "2020.09.07"]
[SourceVersion "1"]
[SourceVersionDate "2020.09.07"]
[SourceQuality "2"]

1. d4 Nf6 2. c4 e6 3. Nc3 Bb4 4. e3 b6 5. Nge2 Ba6 6. a3 Bxc3+ 7. Nxc3 d5 8.
Qf3 O-O 9. Be2 c5 10. dxc5 bxc5 11. O-O Nc6 12. cxd5 Bxe2 13. Nxe2 exd5 14. Bd2
Ne5 15. Qf5 Re8 16. Bc3 Qc8 17. Qxc8 Raxc8 18. Rfd1 c4 19. Nf4 Rcd8 20. h4 h6
21. Rac1 g5 22. hxg5 hxg5 23. Nh3 g4 24. Nf4 g3 25. f3 Rd6 26. e4 Kh7 27. exd5
Nfd7 28. Rd4 Rh6 29. Be1 Rg8 30. Rc2 Nc5 31. Ne2 Rg5 32. Bd2 Rg8 33. Bxh6 Kxh6
34. f4 Ng4 35. Rdxc4 Nd3 36. Rc6+ f6 37. Rd2 Ngf2 38. Nxg3 Rxg3 39. Rxf2 Nxf2
40. Kxf2 Rb3 41. Rxf6+ Kg7 42. Ra6 Rxb2+ 43. Kf3 Rd2 44. Rxa7+ 1-0

[Event "Lloyds Bank Masters 13th"]
[Site "London"]
[Date "1989.08.21"]
[Round "3"]
[White "Murugan, Krishnamoorthy"]
[Black "Tozer, Richard"]
[Result "1/2-1/2"]
[WhiteElo "2450"]
[BlackElo "2235"]
[PlyCount "122"]
[EventDate "1989.08.19"]
[EventType "swiss"]
[EventRounds "10"]
[EventCountry "ENG"]
[SourceTitle "BritBase"]
[Source "John Saunders"]
[SourceDate "2020.09.07"]
[SourceVersion "1"]
[SourceVersionDate "2020.09.07"]
[SourceQuality "2"]

1. d4 Nf6 2. Nf3 e6 3. c4 Bb4+ 4. Bd2 a5 5. g3 d6 6. Bg2 Nbd7 7. O-O e5 8. Bg5
exd4 9. Qxd4 O-O 10. Nc3 h6 11. Bxf6 Nxf6 12. Qd3 Re8 13. Nd4 c6 14. Rad1 Bg4
15. Bf3 Bh3 16. Bg2 Bg4 17. Na4 Qe7 18. a3 Bc5 19. Rfe1 Qe5 20. h3 Bxd4 21.
Qxd4 Qxd4 22. Rxd4 Bxe2 23. Nc3 c5 24. Rxd6 Bxc4 25. Rxe8+ Rxe8 26. Rb6 Re1+
27. Kh2 Nd7 28. Rxb7 Ne5 29. Rc7 Nd3 30. Rc8+ Kh7 31. Be4+ g6 32. Bxd3 Bxd3 33.
Rxc5 Rc1 34. Kg2 Bf1+ 35. Kf3 Rc2 36. Na4 Rxc5 37. Nxc5 Bxh3 38. Nb7 Kg7 39.
Nxa5 Kf6 40. Ke3 g5 41. Nc6 Bd7 42. Nd4 Ke5 43. b4 Kd5 44. b5 Kc5 45. a4 h5 46.
Nf3 f6 47. Nd2 h4 48. Ne4+ Kb4 49. gxh4 gxh4 50. Nxf6 Bc8 51. Nd5+ Ka5 52. Kf4
Bb7 53. Ne7 Kxa4 54. Nf5 Ka5 55. Nd6 Bh1 56. Kg4 Kb6 57. Kxh4 Kc5 58. Nf5 Kxb5
59. Ne3 Kc6 60. Kg3 Be4 61. Kf4 Bh1 1/2-1/2

[Event "Lloyds Bank Masters 13th"]
[Site "London"]
[Date "1989.08.21"]
[Round "3"]
[White "Smagin, Sergey"]
[Black "Rahman, Ziaur"]
[Result "1-0"]
[WhiteElo "2535"]
[BlackElo "2340"]
[PlyCount "61"]
[EventDate "1989.08.19"]
[EventType "swiss"]
[EventRounds "10"]
[EventCountry "ENG"]
[SourceTitle "BritBase"]
[Source "John Saunders"]
[SourceDate "2020.09.07"]
[SourceVersion "1"]
[SourceVersionDate "2020.09.07"]
[SourceQuality "2"]

1. e4 e6 2. d4 d5 3. Nd2 Nf6 4. e5 Nfd7 5. c3 c5 6. f4 Nc6 7. Ndf3 cxd4 8. cxd4
Qb6 9. Ne2 Bb4+ 10. Nc3 f6 11. a3 Be7 12. Bd3 f5 13. Be3 O-O 14. O-O Qd8 15.
Kh1 Nb6 16. b3 Bd7 17. g4 Be8 18. gxf5 exf5 19. Ng5 Bxg5 20. fxg5 g6 21. Ne2
Qe7 22. Nf4 Nd8 23. Bd2 Nc6 24. Bc3 Kg7 25. a4 Rd8 26. b4 Bf7 27. Qd2 Rh8 28.
b5 Nb8 29. a5 Nc8 30. e6 Be8 31. Bb4 1-0

[Event "Lloyds Bank Masters 13th"]
[Site "London"]
[Date "1989.08.21"]
[Round "3"]
[White "Wind, Michiel A"]
[Black "Smyslov, Vassily V"]
[Result "1/2-1/2"]
[WhiteElo "2235"]
[BlackElo "2570"]
[PlyCount "94"]
[EventDate "1989.08.19"]
[EventType "swiss"]
[EventRounds "10"]
[EventCountry "ENG"]
[SourceTitle "BritBase"]
[Source "John Saunders"]
[SourceDate "2020.09.07"]
[SourceVersion "1"]
[SourceVersionDate "2020.09.07"]
[SourceQuality "2"]

1. d4 d5 2. Bf4 c5 3. e3 Nc6 4. Nf3 Qb6 5. Nc3 cxd4 6. exd4 Bg4 7. Nxd5 Qa5+ 8.
Nc3 O-O-O 9. Be2 Bxf3 10. Bxf3 Nxd4 11. O-O e5 12. Be3 f5 13. a3 Nf6 14. Bxd4
Rxd4 15. Qc1 e4 16. Be2 Qe5 17. Nb5 Rd7 18. Nxa7+ Kb8 19. Nb5 f4 20. c4 Bc5 21.
b4 f3 22. gxf3 exf3 23. Bxf3 Rd3 24. bxc5 Rxf3 25. Qd1 Rf4 26. Qd6+ Qxd6 27.
cxd6 Rxc4 28. Rfe1 Rg4+ 29. Kf1 Ne4 30. Ra2 Rd8 31. f3 Rg5 32. Rxe4 Rxb5 33.
Rd2 Kc8 34. Re7 Rd7 35. Re8+ Rd8 36. Re7 Rd7 37. Rc2+ Kd8 38. Rxd7+ Kxd7 39.
Rc7+ Kxd6 40. Rxg7 Rb3 41. Kf2 b5 42. Rxh7 Rxa3 43. Rb7 Kc6 44. Rb8 Ra5 45. Ke3
Kc7 46. Rf8 b4 47. Kd3 Rh5 1/2-1/2

[Event "Lloyds Bank Masters 13th"]
[Site "London"]
[Date "1989.08.22"]
[Round "4"]
[White "Anagnostopoulos, Dimitrios"]
[Black "Smagin, Sergey"]
[Result "1/2-1/2"]
[WhiteElo "2375"]
[BlackElo "2535"]
[PlyCount "123"]
[EventDate "1989.08.19"]
[EventType "swiss"]
[EventRounds "10"]
[EventCountry "ENG"]
[SourceTitle "BritBase"]
[Source "John Saunders"]
[SourceDate "2020.09.07"]
[SourceVersion "1"]
[SourceVersionDate "2020.09.07"]
[SourceQuality "2"]

1. e4 e5 2. Nf3 Nc6 3. Bb5 g6 4. O-O Bg7 5. c3 a6 6. Ba4 d6 7. d4 Bd7 8. d5
Nce7 9. Bxd7+ Qxd7 10. c4 h6 11. Nc3 f5 12. Ne1 Nf6 13. f3 O-O 14. Nd3 g5 15.
exf5 Nxf5 16. Nf2 Nd4 17. Nfe4 Nh5 18. Be3 Nf4 19. g3 Ng6 20. Kg2 Rf7 21. Bxd4
exd4 22. Ne2 Ne5 23. Nxd4 Nxc4 24. Qb3 b5 25. Ne6 Bxb2 26. Rae1 c6 27. Qd3 cxd5
28. Qxd5 Re8 29. N6xg5 hxg5 30. Nxg5 Ne3+ 31. Rxe3 Rxe3 32. Rf2 Bf6 33. Nxf7
Qxf7 34. Qxd6 Qe6 35. Qd2 Be7 36. f4 Qe4+ 37. Kh3 Qf5+ 38. Kg2 Qd3 39. Qb2 Qc3
40. Qb1 Qd3 41. Qb2 Ba3 42. Qf6 Qd5+ 43. Kh3 Qe6+ 44. Qxe6+ Rxe6 45. g4 a5 46.
g5 a4 47. f5 Rb6 48. Rc2 Rb8 49. Rc7 b4 50. f6 b3 51. axb3 axb3 52. Rg7+ Kf8
53. g6 Rb6 54. Ra7 Rxf6 55. Rxa3 Rb6 56. Ra1 Kg7 57. Kg3 Kxg6 58. Kf4 Kh5 59.
Rb1 b2 60. Ke4 Kh4 61. Kd3 Kh3 62. Kc3 1/2-1/2

[Event "Lloyds Bank Masters 13th"]
[Site "London"]
[Date "1989.08.22"]
[Round "4"]
[White "Azmaiparashvili, Zurab"]
[Black "Chandler, Murray G"]
[Result "1-0"]
[WhiteElo "2575"]
[BlackElo "2585"]
[PlyCount "81"]
[EventDate "1989.08.19"]
[EventType "swiss"]
[EventRounds "10"]
[EventCountry "ENG"]
[SourceTitle "BritBase"]
[Source "John Saunders"]
[SourceDate "2020.09.07"]
[SourceVersion "1"]
[SourceVersionDate "2020.09.07"]
[SourceQuality "2"]

1. c4 e5 2. Nc3 Nf6 3. Nf3 Nc6 4. g3 d5 5. cxd5 Nxd5 6. Bg2 Nb6 7. O-O Be7 8.
a3 O-O 9. b4 Be6 10. Rb1 f6 11. d3 Nd4 12. Nxd4 exd4 13. Ne4 Bd5 14. Bb2 f5 15.
Nd2 Bxg2 16. Kxg2 Kh8 17. Nf3 Bf6 18. Rc1 Qd7 19. Qb3 Rae8 20. Rc2 f4 21. b5
fxg3 22. hxg3 Nd5 23. Rh1 c6 24. bxc6 bxc6 25. Bxd4 Qf7 26. Qc4 Re6 27. Bxf6
Qxf6 28. Qh4 h6 29. Qxf6 Rexf6 30. Rhc1 Ne7 31. Rc5 g5 32. R1c4 Kg7 33. Ra5 Nc8
34. Ra6 Nb6 35. Rxa7+ Kg8 36. Rb4 c5 37. Re4 Nc8 38. Ra8 h5 39. Re5 g4 40. Rg5+
Kf7 41. Nd2 1-0

[Event "Lloyds Bank Masters 13th"]
[Site "London"]
[Date "1989.08.22"]
[Round "4"]
[White "Berg, Klaus"]
[Black "Eingorn, Vereslav S"]
[Result "1/2-1/2"]
[WhiteElo "2420"]
[BlackElo "2560"]
[PlyCount "52"]
[EventDate "1989.08.19"]
[EventType "swiss"]
[EventRounds "10"]
[EventCountry "ENG"]
[SourceTitle "BritBase"]
[Source "John Saunders"]
[SourceDate "2020.09.07"]
[SourceVersion "1"]
[SourceVersionDate "2020.09.07"]
[SourceQuality "2"]

1. d4 e6 2. Nf3 c5 3. e4 cxd4 4. Nxd4 Nc6 5. Nb5 d6 6. Bf4 e5 7. Be3 a6 8. N5c3
Nf6 9. Bg5 Be7 10. Bxf6 Bxf6 11. Nd2 O-O 12. Nc4 b5 13. Nxd6 Be6 14. Nf5 Bxf5
15. Qxd8 Raxd8 16. exf5 e4 17. Nxe4 Rfe8 18. Bd3 Bxb2 19. Rb1 Bc3+ 20. Kf1 Bd4
21. g3 Ne7 22. g4 Nd5 23. Kg2 g6 24. Kf3 gxf5 25. gxf5 Nf6 26. Nxf6+ Bxf6
1/2-1/2

[Event "Lloyds Bank Masters 13th"]
[Site "London"]
[Date "1989.08.22"]
[Round "4"]
[White "Brady, Stephen"]
[Black "Plaskett, H James"]
[Result "1/2-1/2"]
[WhiteElo "2320"]
[BlackElo "2460"]
[PlyCount "46"]
[EventDate "1989.08.19"]
[EventType "swiss"]
[EventRounds "10"]
[EventCountry "ENG"]
[SourceTitle "BritBase"]
[Source "John Saunders"]
[SourceDate "2020.09.07"]
[SourceVersion "1"]
[SourceVersionDate "2020.09.07"]
[SourceQuality "2"]

1. e4 c5 2. Nf3 d6 3. d4 cxd4 4. Nxd4 Nf6 5. Nc3 Nc6 6. Bg5 Bd7 7. Be2 a6 8.
O-O e6 9. a4 Rc8 10. Kh1 Be7 11. f4 Qc7 12. Nf3 h6 13. Bh4 g5 14. fxg5 hxg5 15.
Bxg5 Ng4 16. Bf4 Qb6 17. Qe1 Qxb2 18. Rb1 Qa3 19. Rxb7 Na5 20. Nb5 Qxa4 21.
Rxd7 Kxd7 22. Nxd6 Bxd6 23. Bxd6 Kxd6 1/2-1/2

[Event "Lloyds Bank Masters 13th"]
[Site "London"]
[Date "1989.08.22"]
[Round "4"]
[White "Chernin, Alexander"]
[Black "Adams, Michael"]
[Result "1/2-1/2"]
[WhiteElo "2580"]
[BlackElo "2505"]
[PlyCount "212"]
[EventDate "1989.08.19"]
[EventType "swiss"]
[EventRounds "10"]
[EventCountry "ENG"]
[SourceTitle "BritBase"]
[Source "John Saunders"]
[SourceDate "2020.09.07"]
[SourceVersion "1"]
[SourceVersionDate "2020.09.07"]
[SourceQuality "2"]

1. c4 Nf6 2. g3 e5 3. Bg2 c6 4. d4 exd4 5. Qxd4 d5 6. Nf3 Be7 7. cxd5 cxd5 8.
O-O Nc6 9. Qa4 O-O 10. Be3 Ne4 11. Nc3 Nxc3 12. bxc3 Bf6 13. Bd4 Re8 14. Bxf6
Qxf6 15. Nd4 Bd7 16. e3 Nxd4 17. Qxd4 Be6 18. Rfd1 Rec8 19. Qxf6 gxf6 20. Bxd5
Bxd5 21. Rxd5 Rxc3 22. Rd7 b5 23. Rb7 a6 24. a4 Rac8 25. axb5 Rc1+ 26. Rxc1
Rxc1+ 27. Kg2 axb5 28. Rxb5 Kg7 29. Kf3 Rc4 30. Rd5 Rc2 31. Rd4 f5 32. h3 Kg6
33. Rd5 h5 34. Rd6+ Kg7 35. Kg2 Rb2 36. Kf1 Ra2 37. Rd4 Kg6 38. Ke1 Rb2 39.
Rd6+ Kg7 40. Rd2 Rb3 41. Ke2 Kg6 42. Kf3 Rb4 43. h4 Ra4 44. Ke2 Ra3 45. Rc2 Kf6
46. Kd2 Kg6 47. Kc1 Kg7 48. Rd2 Rc3+ 49. Kb2 Rc6 50. Rd5 Kf6 51. Rd4 Kg6 52.
Kb3 Kf6 53. Rc4 Ra6 54. Rf4 Kg6 55. Kc4 Ra4+ 56. Kb3 Ra6 57. Ra4 Rc6 58. Rb4
Kf6 59. Rb8 Kg6 60. Rb5 Kf6 61. Rd5 Rc7 62. Rd6+ Kg7 63. Rd4 Rc6 64. Rc4 Ra6
65. Kb2 Kg6 66. Rc5 Ra7 67. Kc1 Ra2 68. Rc6+ Kg7 69. Rc2 Ra3 70. Kd2 Kg6 71.
Ke2 Kf6 72. Rc6+ Kg7 73. e4 fxe4 74. Rc5 Kg6 75. Rg5+ Kh6 76. Re5 Kg6 77. Rxe4
f6 78. Rd4 Rb3 79. Rd3 Rb4 80. Ke3 Ra4 81. Rd4 Ra2 82. f3 Ra3+ 83. Kf4 Ra1 84.
Rb4 Rc1 85. g4 hxg4 86. fxg4 Rf1+ 87. Kg3 Rg1+ 88. Kf3 Rf1+ 89. Kg2 Rc1 90. Rf4
Rc3 91. Rf5 Rb3 92. h5+ Kg7 93. Rf3 Rb4 94. Kg3 Rc4 95. Rb3 Rc7 96. Rb4 Rc3+
97. Kf4 Rc7 98. Rb5 Rc4+ 99. Kf5 Rc7 100. Ke6 Rc6+ 101. Kd5 Rc7 102. Ke6 Rc6+
103. Kf5 Rc7 104. Rd5 Kf7 105. Rd8 Rc5+ 106. Ke4 Rc4+ 1/2-1/2

[Event "Lloyds Bank Masters 13th"]
[Site "London"]
[Date "1989.08.22"]
[Round "4"]
[White "Hebden, Mark L"]
[Black "Soffer, Ram"]
[Result "1-0"]
[WhiteElo "2520"]
[BlackElo "2415"]
[PlyCount "133"]
[EventDate "1989.08.19"]
[EventType "swiss"]
[EventRounds "10"]
[EventCountry "ENG"]
[SourceTitle "BritBase"]
[Source "John Saunders"]
[SourceDate "2020.09.07"]
[SourceVersion "1"]
[SourceVersionDate "2020.09.07"]
[SourceQuality "2"]

1. d4 e6 2. Nf3 f5 3. h3 b6 4. Bf4 Bb7 5. e3 Nf6 6. Bd3 Bd6 7. Bxd6 cxd6 8. c4
d5 9. Nc3 O-O 10. Rc1 Qe7 11. O-O dxc4 12. Bxc4 Ne4 13. d5 Nd6 14. Qd4 Nxc4 15.
Qxc4 Na6 16. dxe6 dxe6 17. Nd4 Nc7 18. Rfd1 Rac8 19. Nc6 Bxc6 20. Qxc6 Na6 21.
Qb5 Nb8 22. Ne2 Rfd8 23. Nd4 Rc5 24. Qb3 Rcd5 25. Rd2 Qf7 26. Rdc2 Na6 27. Rc8
Nc5 28. Qxd5 Rxc8 29. Nxe6 Rf8 30. Nc7 Qxd5 31. Nxd5 Kf7 32. b4 Ne6 33. Rc6 Rd8
34. Nc7 Rd1+ 35. Kh2 Nd8 36. Rc2 Rd7 37. h4 Ne6 38. Nxe6 Kxe6 39. Kg3 Ke5 40.
Kf3 g6 41. a4 Rf7 42. Rc8 Re7 43. g4 Kf6 44. Rc6+ Ke5 45. gxf5 gxf5 46. a5 bxa5
47. bxa5 Rb7 48. h5 Rb5 49. a6 Ra5 50. Kg3 f4+ 51. exf4+ Kf5 52. Rh6 Ra3+ 53.
f3 Rxf3+ 54. Kg2 Ra3 55. Rxh7 Rxa6 56. Kg3 Ra3+ 57. Kh4 Ra4 58. Rf7+ Ke6 59.
Rf8 Ke7 60. Rf5 Ke6 61. Kg5 Ra1 62. Kg6 Rg1+ 63. Rg5 Rf1 64. f5+ Ke7 65. h6 Kf8
66. h7 Rh1 67. f6 1-0

[Event "Lloyds Bank Masters 13th"]
[Site "London"]
[Date "1989.08.22"]
[Round "4"]
[White "Kosten, Anthony C"]
[Black "Ravi, Lanka"]
[Result "1-0"]
[WhiteElo "2500"]
[BlackElo "2410"]
[PlyCount "73"]
[EventDate "1989.08.19"]
[EventType "swiss"]
[EventRounds "10"]
[EventCountry "ENG"]
[SourceTitle "BritBase"]
[Source "John Saunders"]
[SourceDate "2020.09.07"]
[SourceVersion "1"]
[SourceVersionDate "2020.09.07"]
[SourceQuality "2"]

1. e4 c6 2. d4 d5 3. exd5 cxd5 4. c4 Nf6 5. Nc3 e6 6. Nf3 Be7 7. cxd5 exd5 8.
h3 Nc6 9. Bd3 O-O 10. O-O Be6 11. Bf4 Rc8 12. Re1 a6 13. Qd2 Na5 14. Ng5 Bd7
15. Qe2 Nc6 16. Rad1 h6 17. Nf3 Re8 18. Qd2 Be6 19. Bb1 Bf8 20. Ne5 b5 21. a3
b4 22. axb4 Nxb4 23. Re3 Nd7 24. Rg3 Kh8 25. Re1 Nxe5 26. Bxe5 f6 27. Bf4 Qd7
28. Rge3 Bf7 29. Nd1 Rxe3 30. Nxe3 Kg8 31. Qe2 Re8 32. Rc1 Rc8 33. Rc3 Be6 34.
Qh5 g5 35. Rxc8 Qxc8 36. Qg6+ Bg7 37. Qh7+ 1-0

[Event "Lloyds Bank Masters 13th"]
[Site "London"]
[Date "1989.08.22"]
[Round "4"]
[White "Lehtivaara, Risto"]
[Black "Murugan, Krishnamoorthy"]
[Result "1/2-1/2"]
[WhiteElo "2295"]
[BlackElo "2450"]
[PlyCount "100"]
[EventDate "1989.08.19"]
[EventType "swiss"]
[EventRounds "10"]
[EventCountry "ENG"]
[SourceTitle "BritBase"]
[Source "John Saunders"]
[SourceDate "2020.09.07"]
[SourceVersion "1"]
[SourceVersionDate "2020.09.07"]
[SourceQuality "2"]

1. e4 c5 2. c3 Nf6 3. e5 Nd5 4. d4 cxd4 5. Nf3 e6 6. cxd4 b6 7. Nc3 Nxc3 8.
bxc3 Qc7 9. Bd2 d6 10. Bd3 Nd7 11. Ng5 Bb7 12. f4 Be7 13. Qg4 h5 14. Qg3 h4 15.
Qg4 Bxg5 16. Qxg5 h3 17. Bf1 g6 18. Rg1 Rh5 19. Qg3 hxg2 20. Bxg2 Bxg2 21. Rxg2
O-O-O 22. Kf2 dxe5 23. fxe5 Nxe5 24. Bg5 f6 25. Bf4 Nd3+ 26. Qxd3 Qxf4+ 27. Kg1
Rg5 28. Rf1 Rxg2+ 29. Kxg2 Qg5+ 30. Qg3 Qxg3+ 31. hxg3 f5 32. Rh1 Kc7 33. Rh6
Kd6 34. Rxg6 Rc8 35. Rg7 a5 36. Rb7 Kc6 37. Re7 Kd5 38. Rd7+ Kc4 39. Rd6 b5 40.
Rxe6 Kxc3 41. Re5 Rb8 42. d5 b4 43. d6 a4 44. Kf3 Rd8 45. Rd5 b3 46. axb3 axb3
47. d7 b2 48. Rc5+ Kb4 49. Rc7 Kb3 50. Rb7+ Kc2 1/2-1/2

[Event "Lloyds Bank Masters 13th"]
[Site "London"]
[Date "1989.08.22"]
[Round "4"]
[White "Mack, Andrew"]
[Black "Kekki, Jorma J"]
[Result "0-1"]
[WhiteElo "2325"]
[BlackElo "2260"]
[PlyCount "64"]
[EventDate "1989.08.19"]
[EventType "swiss"]
[EventRounds "10"]
[EventCountry "ENG"]
[SourceTitle "BritBase"]
[Source "John Saunders"]
[SourceDate "2020.09.07"]
[SourceVersion "1"]
[SourceVersionDate "2020.09.07"]
[SourceQuality "2"]

1. e4 e6 2. d4 d5 3. e5 c5 4. Nf3 Nc6 5. Bd3 cxd4 6. O-O Bc5 7. Nbd2 Nge7 8.
Nb3 Bb6 9. Bf4 Ng6 10. Bg3 O-O 11. h4 f5 12. h5 Nh8 13. Qd2 Bd7 14. Bh4 Qe8 15.
h6 g6 16. Qf4 Bd8 17. g3 g5 18. Bxg5 Ng6 19. Qc1 Ncxe5 20. Nxe5 Nxe5 21. Bxd8
Rxd8 22. Kg2 Qg6 23. Rh1 Nxd3 24. cxd3 f4 25. Qc7 fxg3 26. Qxg3 Qxg3+ 27. Kxg3
Rf6 28. f4 Kf7 29. Rh5 Rg8+ 30. Kf3 Rfg6 31. f5 Rg3+ 32. Kf4 Kf6 0-1

[Event "Lloyds Bank Masters 13th"]
[Site "London"]
[Date "1989.08.22"]
[Round "4"]
[White "Wall, Tim"]
[Black "Rogers, Ian"]
[Result "0-1"]
[WhiteElo "2320"]
[BlackElo "2470"]
[PlyCount "58"]
[EventDate "1989.08.19"]
[EventType "swiss"]
[EventRounds "10"]
[EventCountry "ENG"]
[SourceTitle "BritBase"]
[Source "John Saunders"]
[SourceDate "2020.09.07"]
[SourceVersion "1"]
[SourceVersionDate "2020.09.07"]
[SourceQuality "2"]

1. e4 c5 2. Nf3 Nc6 3. d4 cxd4 4. Nxd4 g6 5. Nc3 Bg7 6. Be3 Nf6 7. Nb3 O-O 8.
Be2 a5 9. a4 d6 10. f4 Be6 11. O-O Rc8 12. Kh1 Nb4 13. f5 Bc4 14. Nd4 Nd7 15.
fxg6 hxg6 16. Bxc4 Rxc4 17. Qd2 Bxd4 18. Bxd4 Rxd4 19. Qxd4 Nxc2 20. Qd2 Nxa1
21. Rxa1 Nf6 22. Rf1 Qb6 23. Rf4 Kg7 24. Nd5 Nxd5 25. exd5 Qc5 26. Re4 Rc8 27.
Re1 Rc7 28. h3 b6 29. Qg5 Qd4 0-1

[Event "Lloyds Bank Masters 13th"]
[Site "London"]
[Date "1989.08.22"]
[Round "4"]
[White "Willmoth, Robert"]
[Black "Barua, Dibyendu"]
[Result "0-1"]
[WhiteElo "2320"]
[BlackElo "2470"]
[PlyCount "84"]
[EventDate "1989.08.19"]
[EventType "swiss"]
[EventRounds "10"]
[EventCountry "ENG"]
[SourceTitle "BritBase"]
[Source "John Saunders"]
[SourceDate "2020.09.07"]
[SourceVersion "1"]
[SourceVersionDate "2020.09.07"]
[SourceQuality "2"]

1. e4 e5 2. Nc3 Bc5 3. g3 Nc6 4. Bg2 Nf6 5. d3 a6 6. Nf3 d6 7. Be3 Bxe3 8. fxe3
Bg4 9. h3 Bxf3 10. Qxf3 Ne7 11. O-O-O c6 12. d4 Qa5 13. Rhf1 O-O-O 14. g4 h6
15. h4 exd4 16. exd4 Rhf8 17. Qg3 Ne8 18. g5 hxg5 19. hxg5 Nc7 20. Bh3+ Kb8 21.
Kb1 Ka7 22. Rf2 d5 23. exd5 Ncxd5 24. Nxd5 Nxd5 25. c4 Nb6 26. Rc2 Rh8 27. Qg4
Qb4 28. a3 Qa4 29. Rdc1 Rhe8 30. Qf4 Re7 31. Ka2 Qa5 32. Bg4 Na8 33. Bf3 Qc7
34. Qd2 c5 35. d5 Qg3 36. Rc3 Re5 37. Bh5 Qxg5 38. Qf2 Qe7 39. d6 Rxd6 40. Qxf7
g5 41. Rb3 Rb6 42. Rcc3 Ree6 {...(46)} 0-1

[Event "Lloyds Bank Masters 13th"]
[Site "London"]
[Date "1989.08.22"]
[Round "4"]
[White "Wojtkiewicz, Aleksander"]
[Black "Webster, Andrew"]
[Result "1-0"]
[WhiteElo "2475"]
[BlackElo "2235"]
[PlyCount "98"]
[EventDate "1989.08.19"]
[EventType "swiss"]
[EventRounds "10"]
[EventCountry "ENG"]
[SourceTitle "BritBase"]
[Source "John Saunders"]
[SourceDate "2020.09.07"]
[SourceVersion "1"]
[SourceVersionDate "2020.09.07"]
[SourceQuality "2"]

1. Nf3 Nf6 2. c4 g6 3. g3 Bg7 4. Bg2 O-O 5. d4 d6 6. Nc3 Nbd7 7. O-O a6 8. e4
c5 9. h3 cxd4 10. Nxd4 Nc5 11. Be3 Bd7 12. Rc1 Qa5 13. a3 Na4 14. b4 Nxc3 15.
Rxc3 Qc7 16. Qd2 Rac8 17. Rfc1 Rfd8 18. Qe2 Be8 19. Kh2 Nd7 20. R3c2 Qb8 21.
Qd2 Ne5 22. Bh6 Ba4 23. Rc3 Bh8 24. Be3 Rc7 25. f4 Nd7 26. Qf2 Rdc8 27. Qd2 Bg7
28. Bf1 e5 29. fxe5 Bxe5 30. Bf4 Nf6 31. Bg2 Re7 32. Nf5 gxf5 33. Bxe5 Rxe5 34.
Qg5+ Kf8 35. Qxf6 fxe4 36. Rf1 Be8 37. Qh8+ Ke7 38. Qxh7 b5 39. Qh4+ Kd7 40.
Bxe4 Rxc4 41. Rxc4 bxc4 42. Bf5+ Kc7 43. Qxc4+ Kb7 44. Rc1 Qd8 45. Bc8+ Kb8 46.
Qxa6 Rb5 47. Bg4 f5 48. Bf3 d5 49. Qe6 f4 1-0

[Event "Lloyds Bank Masters 13th"]
[Site "London"]
[Date "1989.08.23"]
[Round "5"]
[White "Adams, Michael"]
[Black "Tozer, Richard"]
[Result "0-1"]
[WhiteElo "2505"]
[BlackElo "2235"]
[PlyCount "120"]
[EventDate "1989.08.19"]
[EventType "swiss"]
[EventRounds "10"]
[EventCountry "ENG"]
[SourceTitle "BritBase"]
[Source "John Saunders"]
[SourceDate "2020.09.07"]
[SourceVersion "1"]
[SourceVersionDate "2020.09.07"]
[SourceQuality "2"]

1. e4 c5 2. Nf3 Nc6 3. d4 cxd4 4. Nxd4 Nf6 5. Nc3 e6 6. Nxc6 bxc6 7. e5 Nd5 8.
Ne4 Qc7 9. f4 Qb6 10. c4 Ne3 11. Qd3 Bb4+ 12. Bd2 a5 13. b3 O-O 14. Bxb4 Qxb4+
15. Ke2 Nxc4 16. Kf3 Nb6 17. a3 Qe7 18. Qd6 Qxd6 19. exd6 Ba6 20. Nc5 Bxf1 21.
Rhxf1 Ra7 22. Rac1 f6 23. g4 Kf7 24. h4 Re8 25. Rfe1 Raa8 26. h5 h6 27. Rc2 Rh8
28. Rh2 Ra7 29. a4 Nd5 30. Rg1 Nb4 31. g5 hxg5 32. fxg5 Na6 33. Ne4 Rb7 34. g6+
Kg8 35. h6 Rxb3+ 36. Kf4 e5+ 37. Kg4 gxh6 38. Kh5 Kg7 39. Rf2 Rf8 40. Ng3 Rxg3
41. Rxg3 Nc5 42. Rb2 f5 43. Rc3 Ne4 44. Rb7 Nf6+ 45. Kh4 Kxg6 46. Rc5 e4 47.
Rxa5 f4 48. Re5 e3 49. Rb1 Nd5 50. Rf1 f3 51. Kg3 f2 52. Re4 h5 53. Re5 Ra8 54.
Re4 Kf5 55. Kf3 Rg8 56. Rh4 Ke6 57. Rxh5 Kxd6 58. Rxd5+ Kxd5 59. Kxe3 Ra8 60.
Ra1 Rxa4 0-1

[Event "Lloyds Bank Masters 13th"]
[Site "London"]
[Date "1989.08.23"]
[Round "5"]
[White "Barua, Dibyendu"]
[Black "Lalic, Susan"]
[Result "1-0"]
[WhiteElo "2470"]
[BlackElo "2345"]
[PlyCount "65"]
[EventDate "1989.08.19"]
[EventType "swiss"]
[EventRounds "10"]
[EventCountry "ENG"]
[SourceTitle "BritBase"]
[Source "John Saunders"]
[SourceDate "2020.09.07"]
[SourceVersion "1"]
[SourceVersionDate "2020.09.07"]
[SourceQuality "2"]

1. e4 e6 2. d4 d5 3. exd5 exd5 4. Bd3 Bd6 5. Qf3 Be6 6. Ne2 Qf6 7. Qxf6 Nxf6 8.
f3 Nc6 9. c3 Ne7 10. Bf4 Bxf4 11. Nxf4 Bf5 12. Kf2 Bxd3 13. Nxd3 O-O 14. g4
Rfe8 15. Na3 c6 16. Nc2 Ng6 17. Ne3 Nh4 18. Rhe1 g5 19. a4 a5 20. b4 b6 21.
bxa5 bxa5 22. Rab1 Rab8 23. Ne5 Rbc8 24. Rb7 c5 25. Nxf7 cxd4 26. cxd4 Rf8 27.
Nh6+ Kh8 28. Nef5 Rc3 29. Nf7+ Kg8 30. Nxg5 Nxf3 31. Nxf3 Nxg4+ 32. Kg3 h5 33.
Ne7+ 1-0

[Event "Lloyds Bank Masters 13th"]
[Site "London"]
[Date "1989.08.23"]
[Round "5"]
[White "Chandler, Murray G"]
[Black "Anagnostopoulos, Dimitrios"]
[Result "1-0"]
[WhiteElo "2585"]
[BlackElo "2375"]
[PlyCount "43"]
[EventDate "1989.08.19"]
[EventType "swiss"]
[EventRounds "10"]
[EventCountry "ENG"]
[SourceTitle "BritBase"]
[Source "John Saunders"]
[SourceDate "2020.09.07"]
[SourceVersion "1"]
[SourceVersionDate "2020.09.07"]
[SourceQuality "2"]

1. e4 e6 2. d4 d5 3. Nc3 Nf6 4. Bg5 Be7 5. e5 Nfd7 6. Bxe7 Qxe7 7. f4 O-O 8.
Nf3 c5 9. Qd2 Nc6 10. O-O-O a6 11. dxc5 Qxc5 12. Bd3 b5 13. Bxh7+ Kxh7 14. Ng5+
Kg8 15. Qd3 Re8 16. Qh7+ Kf8 17. Qh5 Nd8 18. Nh7+ Kg8 19. Rd3 Qe7 20. Rh3 f6
21. Nxf6+ Nxf6 22. exf6 1-0